000 00439nam a2200181Ia 4500
008 230524s9999 xx 000 0 und d
020 _a8121910218
082 _a653.39
_bMIS
100 _aM.N.Mishra
245 0 _aInsurance : Principles and Practice
250 _a16TH
260 _aNEW DELHI
_bS.Chand
_c2009
300 _aXVI;643
500 _aQuantity Number: 15
650 _aManagement
700 _a S.B.Mishra
942 _cBK
999 _c43223
_d43223